| 000 | 01217cam a2200313 i 4500 | ||
|---|---|---|---|
| 003 | EG-ScBUE | ||
| 005 | 20231023132648.0 | ||
| 008 | 030315s2009 ua f 000 0bara d | ||
| 017 | _a2002 / 1560 | ||
| 040 |
_aEG-ScBUE _bara _erda _cEG-ScBUE _dEG-ScBUE |
||
| 082 | 0 | 4 |
_a923.2 _bم ك ي _222 |
| 100 | 1 |
_aمكيافللي، نيقولو، _d1469-1527، _eمؤلف. |
|
| 240 | 1 | 4 |
_aPrinc. _lArabic |
| 245 | 1 |
_aالأمير / _cميكافيلي ؛ ترجمة طارق عبد الوهاب. |
|
| 250 | _aالطبعة الأولى. | ||
| 264 | 1 |
_aالقاهرة : _bالدولية للنشر والتوزيع، _c2009. |
|
| 300 |
_a360 صفحة ؛ _c24 سم |
||
| 336 |
_2rdacontent _aنص _btxt |
||
| 337 |
_2rdamedia _aبدون وسيط _bn |
||
| 338 |
_2rdacarrier _aمجلد _bnc |
||
| 546 | _aالنص باللغة العربية وتم ترجمته من اللغة الإيطالية. | ||
| 600 | 1 | 4 |
_aمكيافللي، نيقولو، _d1469-1527. _2BUEsh _933092 |
| 650 | 7 |
_933093 _aالنظم السياسية. _2BUEsh |
|
| 650 | 7 |
_aالسياسة _xنظريات. _2BUEsh |
|
| 653 | _cApril2013 | ||
| 655 | _vReading book | ||
| 700 | 1 |
_aعبد الوهاب، طارق، _eمترجم. |
|
| 942 |
_2ddc _cBB |
||
| 999 |
_c17436 _d17408 |
||